Estatísticas para Países mais próximos do Malawi

Clique aqui para jogar o quiz

Estatísticas Gerais

  • Esse quiz foi jogado 45 vezes
  • A pontuação média é 17 de 20

Estatísticas das Respostas

kmpaís% Correto
707África do Sul
95%
0Moçambique
95%
292Rep Dem Congo
95%
1232Somália
95%
0Zâmbia
95%
936Angola
93%
795Quênia
93%
1433Lesoto
90%
815Ruanda
90%
942Uganda
90%
162Zimbábue
90%
1028Essuatíni
88%
0Tanzânia
88%
919Namíbia
86%
652Burundi
83%
879Madagáscar
79%
1449Sudão
76%
820Botswana
74%
1434Sudão do Sul
74%
859Comores
69%

Distribuição das Pontuações

Percentil de Números Respondidos

Porcentagem de Pessoas com Cada Pontuação

Sua Pontuação Histórica

Você não jogou esse quiz